Statistics for College Football Matchups: North Carolina

Click here to take the quiz!

General Stats

  • This quiz has been taken 38 times
  • The average score is 12 of 16

Answer Stats

# of GamesOpponentLast Meeting% Correct
110Duke11/11/2023
100%
113NC State11/25/2023
96%
60South Carolina09/02/2023
96%
128Virginia10/21/2023
96%
45Virginia Tech10/01/2022
96%
60Clemson11/18/2023
93%
110Wake Forest11/12/2022
93%
31Georgia09/03/2016
89%
21Florida State10/09/2021
85%
58Georgia Tech10/28/2023
85%
70Maryland11/24/2012
81%
27Miami (FL)10/14/2023
78%
23Notre Dame09/24/2022
67%
32Tennessee12/30/2010
59%
39Davidson11/07/1942
15%
23VMI09/09/1989
11%

Score Distribution

Percentile by Number Answered

Percent of People with Each Score

Your Score History

You have not taken this quiz